| 000 | 00370nam a2200145Ia 4500 | ||
|---|---|---|---|
| 003 | OSt | ||
| 008 | 200919s9999||||xx |||||||||||||| ||und|| | ||
| 041 | _aeng | ||
| 082 |
_a821 _bPOP-H |
||
| 100 |
_aPope, Alexander; Erskine - Hill H H _95614 |
||
| 245 | 0 | _aHoratian Satires and Epistles | |
| 260 |
_aLondon _bOxford University Press _c1964 |
||
| 300 | _a192p | ||
| 942 | _cBK | ||
| 999 |
_c17830 _d17830 |
||